000 00484nam a2200169Ia 4500
008 230917s9999||||xx |||||||||||||| ||und||
020 _cRS 999.00
040 _e5008326
_aMAIN
041 _aEnglish
082 _a381.45002 B469I
100 _aBezos, Jeff
245 0 _aInvent and wander: The collected writings of Jeff Bezos
260 _aBoston
_bHarvard Business Review Press
_c2021
300 _a270 p.
500 _a4169 03/11/2021 PMI22/85 10/11/2021 Main Budget
942 _cBK
999 _c3259
_d3259